Diseño de sistemas de producción : el concepto "ideals" /
Guardado en:
| Autor Principal: | |
|---|---|
| Formato: | Libro |
| Idioma: | Spanish English |
| Publicado: |
Buenos Aires :
Librería "El Ateneo" Editorial,
c1971.
|
| Series: | Biblioteca de ciencias económicas. Serie de sistemas de control gerencial.
|
| Materias: | |
| Etiquetas: |
Agregar Etiqueta
Sin Etiquetas, Sea el primero en etiquetar este registro!
|
| LEADER | 00835nam a22002055 4500 | ||
|---|---|---|---|
| 001 | EAD.ead002949 | ||
| 008 | 080718s1971####ag############001#0#spa#d | ||
| 005 | 20110922114052.0 | ||
| 245 | 1 | 0 | |a Diseño de sistemas de producción : |b el concepto "ideals" / |c Gerald Nadler. |
| 260 | |a Buenos Aires : |b Librería "El Ateneo" Editorial, |c c1971. | ||
| 300 | |a xii, 210 p. ; |c 20 cm. | ||
| 490 | 1 | |a Biblioteca de ciencias económicas. Serie de sistemas de control gerencial | |
| 500 | |a Traducción de: Work systems design: the ideals concept. | ||
| 500 | |a Incluye índice. | ||
| 100 | 1 | |a Nadler, Gerald. | |
| 830 | 0 | |a Biblioteca de ciencias económicas. |p Serie de sistemas de control gerencial. | |
| 082 | 0 | 4 | |a 658.5 |2 21 |
| 653 | |a Administración de operaciones | ||
| 041 | 1 | |a spa |h eng | |
| 859 | |a AR-BaBDC |b BIB. ADMINISTRACION - Libros |h 658.5 |i N126 |p b00525 | ||
